000
00213 a2200109 4500
020
_a
9788497007702
041
_a
spa
100
_a
Gil Martinez, Carmen
245
_a
Soy Una Bruja
942
_c
BK
999
_c
15182
_d
15182
999
_d
15182